00455cam a22001097a 4500008004000000082003100040100002500071245011900096260005700215300001100272440006200283180718b1982 xxu||||| |||| 00| 0 eng d aA81x54 In2/81/17/PT13A&B/P aCensus of India 1981 aPunjab district census handbook, Patiala: village and town directory, village and townwise primary census abstract aChandigarhbPrinting and Stationery Departmentc1982 a387+p. aCensus of India 1981. Series-17, Punjab. Part XIII- A & B